Stand-Up Comedians #2 - Statistics

General Stats
  • This quiz has been taken 69 times
  • The average score is 8 of 13
Answer Stats
Hint Answer % Correct
Marijuana-loving duo. Cheech & Chong
87%
SNL, 48 Hrs., Dreamgirls, Mulan. Eddie Murphy
87%
Brothers. “In Living Color,” “White Chicks.” Wayans brothers
85%
Cliff Huxtable. Jello. Tarnished legacy. Bill Cosby
84%
Mexican-American talk show host. George Lopez
69%
Scottish-American former Late Late Show host. Craig Ferguson
59%
1940s-50s duo. “Who’s on First?” Abbott and Costello
57%
Politically Incorrect. Bill Maher
56%
Comedy Central show host, point oh. Daniel Tosh
54%
Brash female redhead. Suddenly Susan. Kathy Griffin
52%
Hosts of “Laugh In.” Rowan and Martin
41%
Violin. One-liners. “Take my wife…please.” Henny Youngman
33%
African-American. "The devil made me do it." Flip Wilson
26%
No matching quizzes found
Score Distribution
Percent of People with Each Score
Percentile by Number Answered
Your Score History
You have not taken this quiz